LEADER 01294nam a2200265 i 4500 001 000000070789 003 CaOOAMICUS 005 20091202000000.0 008 091202s1999 be u000 u fre u 013 $a41961 040 $aSeMil$bita 100 1 $aGarsoïan, Nina <1923- >.$0(OLS)http://semarc/name/35242 245 12$aL'Église arménienne et le grand Schisme d'Orient /$cPar Nina Garsoïan. 260 $aLovanii :$bIn aedibus Peeters,$c1999. 300 $aLXXI, 631 p., [2] c. geog. ripieg. ;$c25 cm. 490 0 $aCorpus Scriptorum Christianorum Orientalium ;$v574. Subsidia ; 100 490 0 $aCorpus Scriptorum Christianorum Orientalium. Subsidia ;$vTomus100 650 4$aChiesa Armena.$0(OLS)http://semarc/subject/10890 830 0$aCorpus Scriptorum Christianorum Orientalium ;$v574. Subsidia ; 100.$0(OLS)http://semarc/title/77 830 0$aCorpus Scriptorum Christianorum Orientalium. Subsidia ;$vTomus100.$0(OLS)http://semarc/title/9539 850 $aSeMil 852 $aSeMil$W1$xVenegono$y1$m2S III 574$j36942$B36942$CSeMilBibl$Z2$F36945 $81 961 $aAcquisto: Casa editrice 996 $6245$aL'Église arménienne et le grand Schisme d'Orient$9(OLS)http://semarc/title/113714 996 $6260$aLovanii :$bIn aedibus Peeters$9(OLS)http://semarc/publisher/30114 LEADER 01193nam a2200289 i 4500 001 000000122111 003 CaOOAMICUS 005 20040123000000.0 008 040123s1997 it u000 u ita u 013 $a94806 020 $a88-464-0042-9 040 $aSeMil$bita 100 1 $aPietropolli Charmet, Gustavo.$0(OLS)http://semarc/name/5255 245 10$aAmici, Compagni, Complici /$cG. Pietropolli Charmet. 260 $aMilano :$bFranco Angeli,$ccopyr. 1997. 300 $a156 p. ;$c22 cm. 490 0 $aAdolescenza, educazione e affetti ;$v1 500 $aContiene : Bibliografia. 650 4$aAmicizia.$0(OLS)http://semarc/subject/8200 650 4$aAdolescenti - Psicologia.$0(OLS)http://semarc/subject/8605 830 0$aAdolescenza, educazione e affetti [Franco Angeli] ;$v1.$0(OLS)http://semarc/title/14348 850 $aSeMil 852 $aSeMil$W1$xVenegono$y1$m80 15 1 *$j77135$B77135$CSeMilBibl$Z2$F78763 $81 961 $aOmaggio: Cornati don Dario 996 $6020$a88-464-0042-9$9(OLS)http://semarc/number/107804 996 $6245$aAmici, Compagni, Complici$9(OLS)http://semarc/title/179920 996 $6260$aMilano :$bFranco Angeli$9(OLS)http://semarc/publisher/30369